[Event "SR 2. liga A 2010/2011"]
[Site "?"]
[Date "2011.03.06"]
[Round "49.8"]
[White "Sosovicka, Matej"]
[Black "Mihalik, Anton"]
[Result "1-0"]
[WhiteElo "1932"]
[BlackElo "1919"]
[PlyCount "109"]
[EventDate "2010.??.??"]
[WhiteTeam "Slovakia"]
[BlackTeam "Slovakia"]
[WhiteTeamCountry "SVK"]
[BlackTeamCountry "SVK"]

1. e4 c5 2. Nf3 d6 3. d4 cxd4 4. Nxd4 Nf6 5. Nc3 a6 6. Be3 e5 7. Nf3 Be6 8. Ng5
Bg4 9. f3 Bh5 10. Bc4 h6 11. Nh3 Qc7 12. Bb3 Nbd7 13. Nf2 Nc5 14. Nd5 Nxd5 15.
Bxd5 Qa5+ 16. c3 Qb5 17. b4 Ne6 18. a4 Qd7 19. Nd3 Be7 20. a5 O-O 21. O-O Bg5
22. Bf2 Rac8 23. Ra3 Kh8 24. Nb2 Nf4 25. Nc4 Nxd5 26. Qxd5 Qc6 27. Nxd6 Qxd5
28. exd5 Rc7 29. Rd1 f5 30. Bb6 Rd7 31. Nc4 e4 32. Bc5 Re8 33. Nb6 Rdd8 34. Kf2
exf3 35. gxf3 Bh4+ 36. Kg2 Re2+ 37. Kh3 Bg5 38. Rf1 Bf4 39. Rf2 Rde8 40. Kg2
Rxf2+ 41. Kxf2 Bxh2 42. Ra2 Rd8 43. Be7 Bc7 44. Bxd8 Bxd8 45. c4 Kg8 46. c5 Be8
47. Ke3 Kf7 48. Rc2 Ke7 49. Kd4 Bb5 50. Ke5 g5 51. Rh2 g4 52. fxg4 fxg4 53.
Rxh6 Kf7 54. Kd6 Kg7 55. Rh1 1-0

[Event "SR 2. liga A 2010/2011"]
[Site "?"]
[Date "2011.03.06"]
[Round "50.1"]
[White "Doucha, Ludvik"]
[Black "Klemanic, Emil"]
[Result "1/2-1/2"]
[WhiteElo "2099"]
[BlackElo "2257"]
[PlyCount "105"]
[EventDate "2010.??.??"]
[WhiteTeam "Slovakia"]
[BlackTeam "Slovakia"]
[WhiteTeamCountry "SVK"]
[BlackTeamCountry "SVK"]

1. e4 d6 2. d4 Nf6 3. f3 g6 4. Be3 Bg7 5. Qd2 O-O 6. Bh6 e5 7. Bxg7 Kxg7 8. Nc3
exd4 9. Qxd4 Nc6 10. Qd2 Re8 11. Nge2 Be6 12. O-O-O Bc4 13. Nf4 Bxf1 14. Rhxf1
a5 15. g4 a4 16. g5 Nd7 17. Nfd5 Ra5 18. h4 b5 19. a3 Rh8 20. Ne2 Ra6 21. Qc3+
Kg8 22. f4 h6 23. Ng3 Na7 24. Qxc7 Qxc7 25. Nxc7 Rc6 26. Nd5 Nc8 27. Nb4 Rc4
28. e5 hxg5 29. hxg5 Rh2 30. exd6 Rg2 31. Rf3 Ncb6 32. Nf1 Rg1 33. c3 Nc5 34.
Nd2 Nb3+ 35. Nxb3 Rxd1+ 36. Kxd1 axb3 37. Rf2 Kf8 38. Ke2 Ke8 39. Ke3 Kd7 40.
Rd2 Rc5 41. Nd3 Nc4+ 42. Kd4 Rf5 43. Rf2 Kxd6 44. Ke4 Rd5 45. Rh2 Ke6 46. Re2
Kd6 47. Nc1 Nd2+ 48. Ke3 Nc4+ 49. Kf2 Na5 50. Ke1 Rf5 51. Re4 Nc4 52. Nxb3 Nxb2
53. Nd4 1/2-1/2

[Event "SR 2. liga A 2010/2011"]
[Site "?"]
[Date "2011.03.06"]
[Round "50.2"]
[White "Janos, Ivan"]
[Black "Arendas, Marek"]
[Result "1-0"]
[WhiteElo "2163"]
[BlackElo "2089"]
[PlyCount "129"]
[EventDate "2010.??.??"]
[WhiteTeam "Slovakia"]
[BlackTeam "Slovakia"]
[WhiteTeamCountry "SVK"]
[BlackTeamCountry "SVK"]

1. e4 c6 2. d4 d5 3. e5 Bf5 4. Nf3 e6 5. Be2 c5 6. Be3 Qb6 7. c4 Nc6 8. cxd5
exd5 9. Nc3 Rd8 10. Na4 Qa5+ 11. Bd2 Qc7 12. dxc5 Nxe5 13. Nxe5 Qxe5 14. O-O
Be7 15. Bc3 d4 16. Bb5+ Kf8 17. Re1 Qd5 18. Bb4 Bd7 19. Nc3 Qf5 20. Bd3 Qg4 21.
Be2 Qg6 22. Qxd4 Bc6 23. Qg4 Qxg4 24. Bxg4 Nf6 25. Bf3 Rd7 26. Rac1 Ke8 27. Ne4
Nxe4 28. Bxe4 Kd8 29. Bf5 Rd5 30. Rcd1 Rxd1 31. Rxd1+ Kc7 32. Bc3 f6 33. b4 b6
34. Re1 Bd8 35. cxb6+ axb6 36. Bc2 g6 37. a4 Re8 38. Rxe8 Bxe8 39. Kf1 Bc6 40.
h4 Bd5 41. h5 f5 42. f3 Bh4 43. Be5+ Kc6 44. Ke2 Be7 45. Bc3 Bc4+ 46. Ke3 Kd5
47. hxg6 hxg6 48. Kf4 Ke6 49. a5 bxa5 50. bxa5 Bc5 51. Kg5 Kf7 52. g4 Be7+ 53.
Kf4 fxg4 54. Kxg4 Be6+ 55. Kf4 g5+ 56. Ke3 g4 57. f4 Bc8 58. Bd3 Bc5+ 59. Bd4
Bxd4+ 60. Kxd4 g3 61. Be4 Ke7 62. Ke3 Kd6 63. Kf3 Kc5 64. Bd3 Kd4 65. Bf1 1-0

[Event "SR 2. liga A 2010/2011"]
[Site "?"]
[Date "2011.03.06"]
[Round "50.3"]
[White "Liptak, Dusan"]
[Black "Gazi, Mikulas"]
[Result "1-0"]
[WhiteElo "2086"]
[BlackElo "2138"]
[PlyCount "93"]
[EventDate "2010.??.??"]
[WhiteTeam "Slovakia"]
[BlackTeam "Slovakia"]
[WhiteTeamCountry "SVK"]
[BlackTeamCountry "SVK"]

1. d4 Nf6 2. c4 g6 3. Nc3 d5 4. cxd5 Nxd5 5. e4 Nxc3 6. bxc3 Bg7 7. Be3 O-O 8.
Qd2 c5 9. Rc1 Nc6 10. d5 Ne5 11. Bxc5 Qc7 12. Bd4 e6 13. c4 Bd7 14. f4 Ng4 15.
Bxg7 Kxg7 16. Be2 exd5 17. cxd5 Qb6 18. Bxg4 Bxg4 19. h3 Bd7 20. Ne2 f6 21. Nc3
Rac8 22. Ke2 Rc4 23. Kf3 Rfc8 24. Ne2 Qd6 25. Rxc4 Rxc4 26. Rc1 Qa3+ 27. Rc3
Qb4 28. Qc2 Bb5 29. Rxc4 Bxc4 30. Nc3 b5 31. Qd2 Kf7 32. Qd4 Qa5 33. e5 Qb6 34.
Qxb6 axb6 35. a3 g5 36. g3 h5 37. fxg5 fxg5 38. h4 Kg6 39. Ke4 Bf1 40. d6 Bg2+
41. Kd4 Bc6 42. e6 Kf6 43. d7 Ke7 44. hxg5 Bf3 45. Ke5 Bg4 46. Nd5+ Kd8 47. g6
1-0

[Event "SR 2. liga A 2010/2011"]
[Site "?"]
[Date "2011.03.06"]
[Round "50.4"]
[White "Hartl, Jan"]
[Black "Hertel, Ondrej"]
[Result "1/2-1/2"]
[WhiteElo "2118"]
[BlackElo "2072"]
[PlyCount "83"]
[EventDate "2010.??.??"]
[WhiteTeam "Slovakia"]
[BlackTeam "Slovakia"]
[WhiteTeamCountry "SVK"]
[BlackTeamCountry "SVK"]

1. e4 c6 2. d4 d5 3. f3 dxe4 4. fxe4 e5 5. Nf3 Bg4 6. Bc4 Bxf3 7. Qxf3 Nf6 8.
dxe5 Qa5+ 9. Nc3 Qxe5 10. Bf4 Qh5 11. Qxh5 Nxh5 12. Be3 Bd6 13. O-O O-O 14.
Rad1 Be5 15. Bc5 Nf6 16. Bxf8 Kxf8 17. Rd8+ Ke7 18. Rc8 b5 19. Be2 a5 20. Rf5
Ke6 21. Rf1 Ra7 22. Rd1 Rd7 23. Rxd7 Kxd7 24. Rf8 Ke7 25. Rh8 g6 26. Nd1 h5 27.
Nf2 Ne8 28. Rxe8+ Kxe8 29. c3 Nd7 30. Nd3 Bd6 31. g3 Nc5 32. Nxc5 Bxc5+ 33. Kg2
Ke7 34. e5 Be3 35. Kf3 Bc1 36. b3 Bb2 37. c4 bxc4 38. Bxc4 Bxe5 39. h3 f5 40.
h4 Kf6 41. Ba6 Bd6 42. Bb7 1/2-1/2

[Event "SR 2. liga A 2010/2011"]
[Site "?"]
[Date "2011.03.06"]
[Round "50.5"]
[White "Sturdik, Igor"]
[Black "Michal, Silvio"]
[Result "0-1"]
[WhiteElo "2071"]
[BlackElo "2094"]
[PlyCount "114"]
[EventDate "2010.??.??"]
[WhiteTeam "Slovakia"]
[BlackTeam "Slovakia"]
[WhiteTeamCountry "SVK"]
[BlackTeamCountry "SVK"]

1. e4 g6 2. d4 Bg7 3. Nc3 c5 4. Nf3 Nc6 5. dxc5 Qa5 6. Bd2 Qxc5 7. Bd3 Nh6 8.
Qe2 a6 9. Na4 Qd6 10. Bc3 Bxc3+ 11. Nxc3 O-O 12. h3 Qb4 13. O-O-O d6 14. g4 Kg7
15. g5 Ng8 16. Rdg1 f5 17. h4 fxe4 18. Bxe4 Bf5 19. h5 Bxe4 20. Nxe4 Rf4 21.
Ned2 Raf8 22. hxg6 hxg6 23. Rg2 R8f5 24. Rgh2 Rb5 25. Nb3 Qe4 26. Qxe4 Rxe4 27.
c3 Rf5 28. Rh7+ Kf8 29. Nbd2 Ref4 30. R1h3 Ne5 31. Nd4 Rxf2 32. Nxf5 Rxf5 33.
Rg3 Nf7 34. Ne4 b6 35. Rh2 d5 36. Nd2 e5 37. Rhg2 Ne7 38. Nf3 Kg7 39. Kd2 Nd6
40. Ke2 Kf7 41. Nd2 Ke6 42. Rf3 Nc6 43. b3 b5 44. Rxf5 Kxf5 45. Nf3 Ne7 46.
Nh4+ Kf4 47. Nf3 Ne4 48. Nd2 Nxc3+ 49. Kd3 b4 50. a4 Nf5 51. Nf1 e4+ 52. Kd2 d4
53. Nh2 d3 54. Rg4+ Ke5 55. Nf1 Nd4 56. Ne3 Nxb3+ 57. Ke1 Kd4 0-1

[Event "SR 2. liga A 2010/2011"]
[Site "?"]
[Date "2011.03.06"]
[Round "50.6"]
[White "Kimerling, Martin"]
[Black "Puchart, Vladimir"]
[Result "1/2-1/2"]
[WhiteElo "1920"]
[BlackElo "2064"]
[PlyCount "74"]
[EventDate "2010.??.??"]
[WhiteTeam "Slovakia"]
[BlackTeam "Slovakia"]
[WhiteTeamCountry "SVK"]
[BlackTeamCountry "SVK"]

1. d4 Nf6 2. Bg5 Ne4 3. Bf4 d5 4. f3 Nf6 5. e4 dxe4 6. Nc3 exf3 7. Nxf3 e6 8.
Bc4 c6 9. Qe2 Be7 10. O-O-O O-O 11. g4 Nd5 12. Nxd5 cxd5 13. Bd3 Bd6 14. Bd2
Nc6 15. c3 Qc7 16. Kb1 e5 17. dxe5 Nxe5 18. Nxe5 Bxe5 19. h4 Be6 20. g5 Bf4 21.
Qh5 g6 22. Bxf4 Qxf4 23. Qh6 Qe5 24. h5 Qg7 25. hxg6 fxg6 26. Qh4 Rf3 27. Bc2
Raf8 28. Bb3 Qf7 29. Rxd5 Rf1+ 30. Rd1 Rxd1+ 31. Rxd1 Bxb3 32. axb3 Qf5+ 33.
Ka2 Qa5+ 34. Kb1 Qf5+ 35. Ka2 Qa5+ 36. Kb1 Qf5+ 37. Ka2 Qa5+ 1/2-1/2

[Event "SR 2. liga A 2010/2011"]
[Site "?"]
[Date "2011.03.06"]
[Round "50.7"]
[White "Mosny, Jaroslav"]
[Black "Srna, Jan"]
[Result "1/2-1/2"]
[WhiteElo "1982"]
[BlackElo "2047"]
[PlyCount "40"]
[EventDate "2010.??.??"]
[WhiteTeam "Slovakia"]
[BlackTeam "Slovakia"]
[WhiteTeamCountry "SVK"]
[BlackTeamCountry "SVK"]

1. d4 e6 2. c4 f5 3. g3 Nf6 4. Bg2 d5 5. Nf3 c6 6. Nbd2 Bd6 7. O-O O-O 8. b3
Qd7 9. Bb2 a5 10. Qc2 b6 11. Ne5 Bb7 12. e3 Na6 13. Rac1 Rac8 14. Nd3 Ng4 15.
Nf3 g6 16. c5 Bc7 17. cxb6 Bxb6 18. Nc5 Nb4 19. Qd2 Ba6 20. Nxa6 Nxa6 1/2-1/2

[Event "SR 2. liga A 2010/2011"]
[Site "?"]
[Date "2011.03.06"]
[Round "50.8"]
[White "Zacik, Anton"]
[Black "Halas, Miroslav"]
[Result "1-0"]
[WhiteElo "1990"]
[BlackElo "1935"]
[PlyCount "57"]
[EventDate "2010.??.??"]
[WhiteTeam "Slovakia"]
[BlackTeam "Slovakia"]
[WhiteTeamCountry "SVK"]
[BlackTeamCountry "SVK"]

1. e4 d6 2. d4 g6 3. Nc3 Bg7 4. Be3 Nd7 5. Qd2 a6 6. f4 b5 7. Nf3 Bb7 8. d5 c5
9. dxc6 Bxc6 10. Bd4 Ngf6 11. e5 b4 12. exf6 Bxf6 13. Ne2 e5 14. fxe5 dxe5 15.
Bf2 O-O 16. Ng3 Qe7 17. O-O-O Rfd8 18. Qd6 Bg5+ 19. Nxg5 Qxg5+ 20. Qd2 Qe7 21.
Be3 Qe6 22. b3 Nf6 23. Qxd8+ Rxd8 24. Rxd8+ Kg7 25. Bc4 Qe7 26. Rhd1 Bxg2 27.
Bg5 Qa7 28. R8d6 Qf2 29. Rxf6 1-0

[Event "SR 2. liga A 2010/2011"]
[Site "?"]
[Date "2011.03.06"]
[Round "51.1"]
[White "Machalova, Veronika"]
[Black "Vlcek, Stanislav"]
[Result "0-1"]
[WhiteElo "2229"]
[BlackElo "2257"]
[PlyCount "90"]
[EventDate "2010.??.??"]
[WhiteTeam "Slovakia"]
[BlackTeam "Slovakia"]
[WhiteTeamCountry "SVK"]
[BlackTeamCountry "SVK"]

1. e4 c5 2. Nf3 d6 3. d3 g6 4. g3 Bg7 5. Bg2 Nc6 6. O-O e5 7. c3 Nge7 8. Nh4
O-O 9. Be3 Be6 10. Qd2 Qd7 11. Na3 b6 12. f4 exf4 13. Bxf4 d5 14. Qe2 h6 15.
Nf3 dxe4 16. dxe4 Rad8 17. Rfd1 Qc8 18. Re1 g5 19. Be3 Ng6 20. Nc4 Bg4 21. Qf1
Qa6 22. h3 Be6 23. Ncd2 Qxf1+ 24. Bxf1 Nce5 25. a4 a5 26. Rab1 Nd3 27. Re2 Rfe8
28. Bg2 Bf6 29. Ne1 Nge5 30. Nxd3 Nxd3 31. Bf1 Be5 32. Kh2 Kg7 33. Nf3 Bc7 34.
Rd2 Bc4 35. Rbd1 Nxb2 36. Rxb2 Rxd1 37. Bxc4 Rxe4 38. Be2 Ra1 39. Bf2 Rexa4 40.
Kg2 R4a2 41. Rxa2 Rxa2 42. Bd3 a4 43. Kf1 a3 44. Ne1 Rd2 45. Be3 Rxd3 0-1

[Event "SR 2. liga A 2010/2011"]
[Site "?"]
[Date "2011.03.06"]
[Round "51.3"]
[White "Skara, Vladimir"]
[Black "Petrik, Karol"]
[Result "1-0"]
[WhiteElo "2161"]
[BlackElo "2075"]
[PlyCount "67"]
[EventDate "2010.??.??"]
[WhiteTeam "Slovakia"]
[BlackTeam "Slovakia"]
[WhiteTeamCountry "SVK"]
[BlackTeamCountry "SVK"]

1. e4 d5 2. exd5 Qxd5 3. Nc3 Qd6 4. d4 a6 5. Nf3 Nf6 6. g3 Bg4 7. Bg2 Nc6 8.
Bf4 Qe6+ 9. Ne2 Nd5 10. O-O O-O-O 11. c3 Qe4 12. Ne5 Qxe2 13. Nxg4 Nxf4 14.
gxf4 Qxd1 15. Rfxd1 h5 16. Ne5 Nxe5 17. fxe5 c6 18. b4 e6 19. a4 Kc7 20. b5 Be7
21. Rab1 axb5 22. axb5 Ra8 23. c4 Rhd8 24. Rb3 Ra3 25. Rb2 cxb5 26. Rxb5 Ra7
27. d5 Bg5 28. d6+ Kc8 29. Rdb1 f6 30. Bxb7+ Kd7 31. Be4 fxe5 32. c5 Ke8 33.
Bg6+ Kf8 34. Rb8 1-0

[Event "SR 2. liga A 2010/2011"]
[Site "?"]
[Date "2011.03.06"]
[Round "51.4"]
[White "Krajnak, Robert"]
[Black "Mruskovic, Radoslav"]
[Result "1/2-1/2"]
[WhiteElo "2083"]
[BlackElo "1962"]
[PlyCount "57"]
[EventDate "2010.??.??"]
[WhiteTeam "Slovakia"]
[BlackTeam "Slovakia"]
[WhiteTeamCountry "SVK"]
[BlackTeamCountry "SVK"]

1. c4 c5 2. Nf3 Nc6 3. d4 cxd4 4. Nxd4 g6 5. e4 Bg7 6. Be3 Nf6 7. Nc3 O-O 8.
Be2 a6 9. O-O d6 10. Qd2 Rb8 11. f3 Qc7 12. Rac1 Nxd4 13. Bxd4 Be6 14. b3 Qa5
15. Rfd1 h5 16. Ba7 Rbc8 17. Be3 h4 18. Nd5 Qd8 19. Nb6 Rc6 20. c5 Nd7 21. Nxd7
Qxd7 22. b4 Ra8 23. Bf4 Bf8 24. Bf1 Rd8 25. cxd6 exd6 26. Rxc6 Qxc6 27. Bg5 Rc8
28. Bxh4 Qa4 29. Be1 1/2-1/2

[Event "SR 2. liga A 2010/2011"]
[Site "?"]
[Date "2011.03.06"]
[Round "51.5"]
[White "Kundrak, Vladimir"]
[Black "Magyar, Frantisek"]
[Result "1/2-1/2"]
[WhiteElo "1961"]
[BlackElo "2079"]
[PlyCount "106"]
[EventDate "2010.??.??"]
[WhiteTeam "Slovakia"]
[BlackTeam "Slovakia"]
[WhiteTeamCountry "SVK"]
[BlackTeamCountry "SVK"]

1. e4 c5 2. Nf3 Nc6 3. d3 g6 4. g3 Bg7 5. Bg2 e6 6. O-O Nge7 7. Nbd2 O-O 8. Re1
d6 9. c3 b6 10. Nf1 Bb7 11. Nh4 Qd7 12. f4 d5 13. e5 d4 14. c4 Rae8 15. Nd2 Nf5
16. Ne4 Nxh4 17. gxh4 Ba8 18. h5 Ne7 19. Nd6 Rd8 20. Bxa8 Rxa8 21. Qf3 Nf5 22.
Ne4 Qe7 23. hxg6 fxg6 24. Qg4 Rae8 25. Bd2 Kh8 26. a4 a5 27. b3 Rg8 28. Rf1
Ref8 29. Rf3 Nh6 30. Qg5 Qd7 31. Rh3 Rf5 32. Qg3 Rh5 33. Qf3 Rxh3 34. Qxh3 Nf5
35. Rf1 Qe7 36. Rf3 h5 37. Ng5 Bh6 38. Ne4 Rf8 39. Be1 Rf7 40. Nf6 Rg7 41. Bh4
Nxh4 42. Qxh4 Qf7 43. Kf2 Qf8 44. Rg3 Qf7 45. Rf3 Qf8 46. Rg3 Qf7 47. Rg5 Bxg5
48. fxg5 Qb7 49. Qe4 Qxe4 50. Nxe4 Rf7+ 51. Nf6 Kg7 52. Kf3 Kf8 53. h4 Ke7
1/2-1/2

[Event "SR 2. liga A 2010/2011"]
[Site "?"]
[Date "2011.03.06"]
[Round "51.6"]
[White "Farkas, Vladimir"]
[Black "Prielozny, Marek"]
[Result "1-0"]
[WhiteElo "1946"]
[BlackElo "2002"]
[PlyCount "157"]
[EventDate "2010.??.??"]
[WhiteTeam "Slovakia"]
[BlackTeam "Slovakia"]
[WhiteTeamCountry "SVK"]
[BlackTeamCountry "SVK"]

1. e4 e6 2. Nc3 d5 3. exd5 exd5 4. d4 Nf6 5. Nf3 Bg4 6. Be2 Bd6 7. O-O O-O 8.
Bg5 c6 9. Qd2 Nbd7 10. a3 Re8 11. Rfe1 Qc7 12. h3 Bh5 13. Nh4 Bxe2 14. Rxe2
Rxe2 15. Qxe2 Re8 16. Qd2 h6 17. Be3 Ne4 18. Nxe4 Rxe4 19. Nf5 Bf8 20. f3 Re6
21. Bf4 Qd8 22. Bg3 Qf6 23. Ne3 Qg5 24. Kf2 Nf6 25. Nf1 Qf5 26. Kg1 Nh5 27. Be5
c5 28. c3 Be7 29. Qf2 Qd3 30. Qd2 Qxd2 31. Nxd2 cxd4 32. cxd4 Bg5 33. Rd1 Bf4
34. Bxf4 Nxf4 35. Nf1 Re2 36. Rd2 Rxd2 37. Nxd2 Ne2+ 38. Kf2 Nxd4 39. Ke3 Ne6
40. Nb3 Kf8 41. f4 Ke7 42. f5 Ng5 43. Na5 Kd6 44. Nxb7+ Ke5 45. b4 Kxf5 46.
Nd6+ Ke5 47. Nb5 a6 48. Nc7 Kd6 49. Nxa6 Kc6 50. a4 Ne4 51. Kd4 g5 52. b5+ Kb6
53. Nb4 Ka5 54. Nxd5 Nd6 55. Nc3 Kb6 56. Ne4 Nf5+ 57. Kd3 Nh4 58. g3 Nf3 59.
Ke3 Ne5 60. Nd6 Kc5 61. Nf5 h5 62. Ke4 Nc4 63. Ne3 Nd6+ 64. Ke5 g4 65. hxg4
hxg4 66. Nxg4 Nc4+ 67. Kf6 Nd6 68. Nf2 Kb4 69. g4 Kxa4 70. b6 Kb5 71. b7 Nxb7
72. Kxf7 Kc5 73. g5 Nd6+ 74. Ke6 Ne8 75. g6 Ng7+ 76. Ke5 Kc6 77. Kf6 Nh5+ 78.
Kf7 Kd6 79. Ng4 1-0

[Event "SR 2. liga A 2010/2011"]
[Site "?"]
[Date "2011.03.06"]
[Round "51.7"]
[White "Sustak, Roman"]
[Black "Goga, Frantisek"]
[Result "1/2-1/2"]
[WhiteElo "1966"]
[BlackElo "1912"]
[PlyCount "87"]
[EventDate "2010.??.??"]
[WhiteTeam "Slovakia"]
[BlackTeam "Slovakia"]
[WhiteTeamCountry "SVK"]
[BlackTeamCountry "SVK"]

1. Nf3 Nf6 2. c4 g6 3. Nc3 Bg7 4. g3 O-O 5. Bg2 d6 6. O-O c5 7. d3 Nc6 8. a3 a6
9. Rb1 Rb8 10. b4 cxb4 11. axb4 b5 12. c5 dxc5 13. bxc5 Nd7 14. Ne4 Bb7 15. d4
Nxd4 16. Nxd4 Bxe4 17. Bxe4 Nxc5 18. Nc6 Qxd1 19. Rxd1 Nxe4 20. Nxb8 Rxb8 21.
Rd3 Nc3 22. Rb2 Rc8 23. Be3 a5 24. Rbd2 f5 25. Bb6 a4 26. Ba5 a3 27. Bb4 Kf7
28. Bxa3 Nb1 29. Rd1 Nxa3 30. Rxa3 b4 31. Rb3 Bc3 32. Kg2 Ra8 33. Rd3 Ra2 34.
Kf3 Kf6 35. Ke3 g5 36. Rd1 h6 37. h3 e6 38. Rh1 e5 39. Rd1 f4+ 40. gxf4 gxf4+
41. Kf3 Kf5 42. Rd5 Ra3 43. Rb1 b3 44. e3 1/2-1/2

[Event "SR 2. liga A 2010/2011"]
[Site "?"]
[Date "2011.03.06"]
[Round "51.8"]
[White "Jelenciak, Jozef"]
[Black "Horvath, Marek"]
[Result "1-0"]
[WhiteElo "1934"]
[BlackElo "1820"]
[PlyCount "47"]
[EventDate "2010.??.??"]
[WhiteTeam "Slovakia"]
[BlackTeam "Slovakia"]
[WhiteTeamCountry "SVK"]
[BlackTeamCountry "SVK"]

1. e4 e5 2. Nf3 Nf6 3. Nxe5 d6 4. Nxf7 Kxf7 5. Nc3 Be6 6. d4 Ke8 7. Bg5 Be7 8.
Bd3 Nbd7 9. Qe2 Rf8 10. O-O c5 11. Rad1 cxd4 12. Nb5 Ne5 13. Nxd4 Bd7 14. Nf5
Bxf5 15. exf5 Nxd3 16. Rxd3 Rf7 17. c4 Qc7 18. Bxf6 gxf6 19. Rg3 Rd8 20. b3 a5
21. Re1 Qd7 22. Rg8+ Rf8 23. Rg7 Rf7 24. Qh5 1-0

[Event "SR 2. liga A 2010/2011"]
[Site "?"]
[Date "2011.03.06"]
[Round "52.1"]
[White "Petreje, Juraj"]
[Black "Schwarz, Dusan"]
[Result "1/2-1/2"]
[WhiteElo "2228"]
[BlackElo "2294"]
[PlyCount "91"]
[EventDate "2010.??.??"]
[WhiteTeam "Slovakia"]
[BlackTeam "Slovakia"]
[WhiteTeamCountry "SVK"]
[BlackTeamCountry "SVK"]

1. Nf3 d5 2. g3 Nf6 3. Bg2 c6 4. O-O Bg4 5. h3 Bh5 6. d3 Nbd7 7. Nbd2 Qc7 8. c4
e6 9. a3 a5 10. b3 Be7 11. Qc2 O-O 12. Bb2 Rfe8 13. Qc3 Bf8 14. b4 Rec8 15. c5
b6 16. d4 Qb7 17. Qc1 axb4 18. axb4 bxc5 19. bxc5 Qb5 20. Re1 Bg6 21. Nh4 Be7
22. Nxg6 hxg6 23. Bf1 Qb7 24. Bg2 Qb5 25. Bf1 Qb7 26. Qc2 Rxa1 27. Rxa1 Ra8 28.
Bg2 Rxa1+ 29. Bxa1 Bd8 30. Bc3 Bc7 31. e4 dxe4 32. Nxe4 Nd5 33. Bd2 N7f6 34.
Ng5 Nh7 35. Nf3 Nf8 36. Bf1 Qa8 37. Qd3 Nd7 38. Qa6 Qxa6 39. Bxa6 Nb8 40. Bb7
Kf8 41. Ne5 Bxe5 42. dxe5 Nd7 43. f4 Nxc5 44. Bxc6 Ne4 45. Be1 f6 46. Kg2
1/2-1/2

[Event "SR 2. liga A 2010/2011"]
[Site "?"]
[Date "2011.03.06"]
[Round "52.2"]
[White "Janos, Martin"]
[Black "Bronis, Marian"]
[Result "0-1"]
[WhiteElo "2250"]
[BlackElo "2136"]
[PlyCount "110"]
[EventDate "2010.??.??"]
[WhiteTeam "Slovakia"]
[BlackTeam "Slovakia"]
[WhiteTeamCountry "SVK"]
[BlackTeamCountry "SVK"]

1. e4 g6 2. d4 Bg7 3. c3 d6 4. Bd3 Nf6 5. Nd2 O-O 6. Ne2 b6 7. Ng3 Ba6 8. c4 e5
9. d5 Nbd7 10. O-O Bc8 11. Bc2 a5 12. Re1 Nc5 13. Ndf1 Ng4 14. Ne3 Qh4 15. Nxg4
Bxg4 16. f3 Bd7 17. Be3 Bh6 18. Bf2 Qf6 19. b3 Bg5 20. a3 h5 21. b4 axb4 22.
axb4 Nb7 23. Ba4 Qe7 24. Bxd7 Qxd7 25. Qc2 Rfb8 26. Ne2 Nd8 27. Nc3 Qc8 28. Nb5
Qb7 29. Rab1 Qc8 30. h4 Be7 31. f4 c6 32. Nc3 exf4 33. dxc6 Nxc6 34. Nd5 Bd8
35. Rb3 Ne5 36. Qd2 Qg4 37. Nxf4 Nxc4 38. Qc1 Ne5 39. Rg3 Qc8 40. Rc3 Qd7 41.
Nd5 b5 42. Qf4 Qg4 43. Qd2 Bxh4 44. Bxh4 Qxh4 45. Rh3 Qxh3 46. Rf1 Qh4 47. Nf6+
Kg7 48. Qxd6 Ng4 49. Nd5 Rb7 50. Qf4 Ra6 51. Nc7 Rxc7 52. Qxc7 Rf6 53. Rxf6
Qxf6 54. Qa7 Qc3 55. Kf1 Qd3+ 0-1

[Event "SR 2. liga A 2010/2011"]
[Site "?"]
[Date "2011.03.06"]
[Round "52.3"]
[White "Biro, Karol"]
[Black "Janos, Jozef"]
[Result "1/2-1/2"]
[WhiteElo "2132"]
[BlackElo "2196"]
[PlyCount "66"]
[EventDate "2010.??.??"]
[WhiteTeam "Slovakia"]
[BlackTeam "Slovakia"]
[WhiteTeamCountry "SVK"]
[BlackTeamCountry "SVK"]

1. d4 Nf6 2. Nf3 b6 3. g3 Bb7 4. Bg2 e6 5. O-O c5 6. c3 Be7 7. Bg5 O-O 8. Nbd2
d6 9. Re1 Nbd7 10. e4 e5 11. dxe5 Nxe5 12. Nxe5 dxe5 13. Nc4 Qc7 14. Bxf6 Bxf6
15. Qd6 Qxd6 16. Nxd6 Bc6 17. Rad1 Rad8 18. Bf1 Be7 19. Nf5 Bf6 20. f3 g6 21.
Ne3 Rxd1 22. Rxd1 Rd8 23. Rxd8+ Bxd8 24. Bc4 Bc7 25. Kf2 Kg7 26. Bd5 Bd7 27. b3
f5 28. a4 h5 29. Bc4 Bd8 30. Nd5 h4 31. Bf1 hxg3+ 32. hxg3 Be6 33. c4 Bxd5
1/2-1/2

[Event "SR 2. liga A 2010/2011"]
[Site "?"]
[Date "2011.03.06"]
[Round "52.4"]
[White "Novak, Ivan"]
[Black "Mandak, Miroslav"]
[Result "1-0"]
[WhiteElo "2233"]
[BlackElo "2069"]
[PlyCount "95"]
[EventDate "2010.??.??"]
[WhiteTeam "Slovakia"]
[BlackTeam "Slovakia"]
[WhiteTeamCountry "SVK"]
[BlackTeamCountry "SVK"]

1. e4 e6 2. d4 d5 3. Bd3 dxe4 4. Bxe4 Nf6 5. Bd3 Be7 6. Nf3 O-O 7. O-O b6 8.
Qe2 Bb7 9. Rd1 Nbd7 10. Ne5 Qc8 11. Bg5 Bd8 12. Nc3 a6 13. Rd2 b5 14. Rad1 Rb8
15. h4 b4 16. Na4 Ra8 17. Nxd7 Nxd7 18. Be4 Bxe4 19. Qxe4 Nf6 20. Bxf6 Bxf6 21.
Rd3 Qd7 22. Nc5 Qd5 23. Qxd5 exd5 24. Nd7 Rfe8 25. Nxf6+ gxf6 26. Kf1 Re6 27.
Re3 Kf8 28. Ke2 Ke7 29. Kd3 Rg8 30. g3 Kd6 31. Ra1 Rb8 32. b3 Rxe3+ 33. Kxe3
Re8+ 34. Kd3 Rb8 35. a3 bxa3 36. Rxa3 Rb6 37. Ra1 c5 38. dxc5+ Kxc5 39. Ra4 Kd6
40. Rg4 Ke5 41. Rg7 Ke6 42. Rxh7 a5 43. Rh8 a4 44. bxa4 Ra6 45. h5 Kf5 46. Rg8
Rxa4 47. h6 Ra3+ 48. c3 1-0

[Event "SR 2. liga A 2010/2011"]
[Site "?"]
[Date "2011.03.06"]
[Round "52.5"]
[White "Kebis, Milos"]
[Black "Polacik, Igor"]
[Result "0-1"]
[WhiteElo "1994"]
[BlackElo "2199"]
[PlyCount "70"]
[EventDate "2010.??.??"]
[WhiteTeam "Slovakia"]
[BlackTeam "Slovakia"]
[WhiteTeamCountry "SVK"]
[BlackTeamCountry "SVK"]

1. c4 f5 2. Nc3 Nf6 3. Nf3 g6 4. g3 Bg7 5. d4 d6 6. Bg2 O-O 7. O-O Nc6 8. d5
Na5 9. Nd2 c5 10. Rb1 a6 11. a3 Qc7 12. b4 cxb4 13. Na4 b5 14. axb4 bxa4 15.
bxa5 Qxa5 16. Ba3 Bd7 17. c5 dxc5 18. d6 Rab8 19. dxe7 Rfe8 20. Rxb8 Rxb8 21.
Qc2 Rc8 22. Nc4 Qc7 23. Rd1 Re8 24. Nd6 Rxe7 25. Qc4+ Be6 26. Qxa4 Rd7 27. Nb7
Rxd1+ 28. Qxd1 c4 29. Nc5 Bf7 30. Qa4 a5 31. Nb7 c3 32. Nxa5 c2 33. Bc1 Qc3 34.
Qa3 Qe1+ 35. Bf1 Ng4 0-1

[Event "SR 2. liga A 2010/2011"]
[Site "?"]
[Date "2011.03.06"]
[Round "52.6"]
[White "Orosi, Peter"]
[Black "Povysil, Peter"]
[Result "1-0"]
[WhiteElo "2004"]
[BlackElo "2012"]
[PlyCount "61"]
[EventDate "2010.??.??"]
[WhiteTeam "Slovakia"]
[BlackTeam "Slovakia"]
[WhiteTeamCountry "SVK"]
[BlackTeamCountry "SVK"]

1. e4 e6 2. d4 d5 3. exd5 exd5 4. c4 Nf6 5. Nf3 Be7 6. Be2 O-O 7. O-O dxc4 8.
Bxc4 Bg4 9. Qb3 Bxf3 10. Qxf3 Qxd4 11. Qxb7 Nbd7 12. Be2 Bd6 13. Nc3 Rab8 14.
Qf3 Ne5 15. Qf5 Neg4 16. h3 g6 17. Nb5 Rxb5 18. Qxb5 Nxf2 19. g3 Bxg3 20. Qc4
Qb6 21. Kg2 N6e4 22. Bf3 Qb7 23. Be3 Qc8 24. Bxf2 Nd2 25. Qg4 Nxf1 26. Qxc8
Rxc8 27. Bxg3 Nxg3 28. Kxg3 Re8 29. Rc1 Re7 30. b4 Kg7 31. Rc6 1-0

[Event "SR 2. liga A 2010/2011"]
[Site "?"]
[Date "2011.03.06"]
[Round "52.7"]
[White "Dolnak, Michal"]
[Black "Machalec, Vladimir"]
[Result "1-0"]
[WhiteElo "1878"]
[BlackElo "1950"]
[PlyCount "97"]
[EventDate "2010.??.??"]
[WhiteTeam "Slovakia"]
[BlackTeam "Slovakia"]
[WhiteTeamCountry "SVK"]
[BlackTeamCountry "SVK"]

1. d4 Nf6 2. c4 e6 3. Nc3 Bb4 4. e3 O-O 5. Bd3 d5 6. Nge2 c5 7. cxd5 cxd4 8.
exd4 Nxd5 9. O-O Nc6 10. Ne4 Be7 11. a3 h6 12. Bc2 b5 13. Qd3 f5 14. N4c3 b4
15. Nxd5 exd5 16. Nf4 a5 17. Rd1 Bg5 18. Qb5 Bxf4 19. Bxf4 Na7 20. Qc5 bxa3 21.
Rxa3 Be6 22. Bc7 Qd7 23. Rxa5 Rfc8 24. Rxa7 Rxa7 25. Qxa7 Rxc7 26. Qa4 Qxa4 27.
Bxa4 Kf7 28. Kf1 Ke7 29. Ke1 Rb7 30. Rd2 Rb4 31. b3 Bd7 32. Bxd7 Kxd7 33. Rd3
Rb6 34. Kd2 f4 35. h4 g5 36. hxg5 hxg5 37. Rh3 Rg6 38. Rh7+ Kc6 39. Kc3 Rg8 40.
Rh6+ Kc7 41. f3 Kd7 42. Kb4 Rb8+ 43. Kc5 Rxb3 44. Rg6 Rc3+ 45. Kxd5 Ra3 46.
Rg7+ Ke8 47. Ke4 Re3+ 48. Kf5 Rd3 49. Rxg5 1-0